| 000 | 00711nam a2200181 a 4500 | ||
|---|---|---|---|
| 008 | 120416s1989 ||||||||||||||||| || u | ||
| 020 | _a0273036246 | ||
| 050 | _aHD 62.7 Ben | ||
| 100 | _aBennett, Roger | ||
| 245 | 1 | 0 | _aSmall Business survival |
| 260 |
_aLondon _bPitman _c1989 |
||
| 300 | _aviii, 260p. | ||
| 350 | _a0.00 | ||
| 650 | 0 | _aMANAGEMENT | |
| 650 | 0 | _aSMALL BUSINESS | |
| 995 |
_aMAIN LIBRARY OPEN ACCESS _D0.00 _e723421 _FCBU-MAIN LIBRARY (Kitwe) _H1 _I9.99 _jHD 62.7 Ben _M2 _ULOST _VMar 11, 2013 _y003884 _ZMain Library Open Access Collection |
||
| 995 |
_aMAIN LIBRARY OPEN ACCESS _D0.00 _e723422 _FCBU-MAIN LIBRARY (Kitwe) _H2 _I9.99 _jHD 62.7 Ben _M1 _UAVAILABLE _y003883 _ZMain Library Open Access Collection |
||
| 999 |
_c76542 _d76542 |
||